Municipios de la Provincia de Barcelona - Estadísticas

Estadísticas generales
  • Esta prueba ha sido intentada 135 veces
  • La puntuación promedio es 54 de 309
Estadísticas de respuestas
Respuesta % Correcto
Barcelona
88%
Badalona
84%
Sabadell
76%
Hospitalet de Llobregat
74%
Terrassa
74%
Sant Cugat del Vallès
72%
Mataró
71%
Santa Coloma de Gramenet
71%
Cornellà de Llobregat
66%
Manresa
66%
Vic
66%
Sant Boi de Llobregat
64%
Sitges
63%
El Prat de Llobregat
62%
Granollers
62%
Rubí
61%
Berga
60%
Castelldefels
60%
Gavà
57%
Igualada
54%
Cerdanyola del Vallès
53%
Viladecans
53%
Vilanova i la Geltrú
50%
Sant Feliu de Llobregat
49%
Vilafranca del Penedès
49%
Esplugues de Llobregat
48%
Mollet del Vallès
47%
Martorell
45%
Molins de Rei
44%
Premià de Mar
44%
Calella
43%
El Masnou
42%
Olesa de Montserrat
40%
Sant Adrià de Besós
39%
Sant Andreu de la Barca
39%
Sant Joan Despí
39%
Ripollet
38%
Arenys de Mar
37%
Montgat
37%
Sant Just Desvern
37%
Abrera
36%
Canet de Mar
36%
Moià
36%
Montcada i Reixac
36%
Vilassar de Mar
36%
Sant Pol de Mar
35%
Esparreguera
34%
Premià de Dalt
34%
Sant Pere de Ribes
34%
Alella
33%
Sant Quirze del Vallès
33%
Barberà del Vallès
32%
Badia del Vallès
31%
Montmeló
31%
Vilassar de Dalt
31%
Castellbisbal
30%
Pallejà
30%
Cervelló
29%
Manlleu
29%
Parets del Vallès
29%
Sant Celoni
29%
Sant Sadurní d'Anoia
29%
Argentona
28%
Cardedeu
28%
Matadepera
28%
Viladecavalls
28%
Santa Susanna
27%
Tiana
27%
Arenys de Munt
26%
El Papiol
26%
Pineda de Mar
26%
Corbera de Llobregat
25%
Piera
25%
Sant Climent de Llobregat
25%
Sant Vicenç dels Horts
25%
Vallirana
25%
Tordera
24%
Sant Andreu de Llavaneres
23%
Begues
22%
Calaf
22%
Canovelles
22%
La Roca del Vallès
22%
Monistrol de Montserrat
22%
Castellar del Vallès
21%
Centelles
21%
El Bruc
21%
Gelida
21%
La Palma de Cervelló
21%
Les Franqueses del Vallès
21%
Malgrat de Mar
21%
Masquefa
21%
Santa Perpètua de Mogoda
21%
Tona
21%
Torrelles de Llobregat
21%
Vilanova del Camí
21%
Bagà
20%
Cabrera de Mar
20%
Capellades
20%
Collbató
20%
Santpedor
20%
Cabrils
19%
Cardona
19%
Palau-solità i Plegamans
19%
Vacarisses
19%
La Llagosta
18%
Montornès del Vallès
18%
Santa Coloma de Cervelló
18%
La Garriga
17%
Navàs
17%
Caldes d'Estrac
16%
Gironella
16%
Martorelles
16%
Palafolls
16%
Santa Margarida i els Monjos
16%
Sant Salvador de Guardiola
16%
Vilanova del Vallès
16%
Canyelles
15%
Dosrius
15%
La Granada
15%
Olivella
15%
Polinyà
15%
Torelló
15%
Aiguafreda
14%
Jorba
14%
Llinars del Vallès
14%
Òrrius
14%
Súria
14%
Avinyó
13%
Els Hostalets de Pierola
13%
Òdena
13%
Prats de Lluçanès
13%
Puig-reig
13%
Teià
13%
L'Ametlla del Vallès
12%
Lliçà d'Amunt
12%
Lliçà de Vall
12%
Sant Hipòlit de Voltregà
12%
Sant Joan de Vilatorrada
12%
Sant Quirze de Besora
12%
Sentmenat
12%
Castellterçol
11%
Gurb
11%
La Torre de Claramunt
11%
Montseny
11%
Rupit i Pruit
11%
Ullastrell
11%
Avià
10%
Castellbell i el Vilar
10%
Castellolí
10%
Cubellas
10%
Gallifa
10%
La Pobla de Claramunt
10%
Navarcles
10%
Roda de Ter
10%
Santa Maria de Palautordera
10%
Sant Llorenç d'Hortons
10%
Seva
10%
Cercs
9%
Santa Maria d'Oló
9%
Sant Pere de Riudebitlles
9%
Sant Pere de Vilamajor
9%
Sant Quintí de Mediona
9%
Sant Vicenç de Castellet
9%
Sant Vicenç de Montalt
9%
Castellar de n'Hug
8%
Castellgalí
8%
Gaià
8%
Gisclareny
8%
Olèrdola
8%
Santa Maria de Martorelles
8%
Sant Cebrià de Vallalta
8%
Sant Feliu de Codines
8%
Sant Iscle de Vallalta
8%
Sant Martí de Centelles
8%
Subirats
8%
Tagamanent
8%
Vallgorguina
8%
Artés
7%
Avinyonet del Penedès
7%
Balenyá
7%
Balsareny
7%
Bigues i Riells del Fai
7%
Calders
7%
Caldes de Montubi
7%
Cànoves i Samalús
7%
Casserres
7%
Castellcir
7%
Castellví de Rosanes
7%
Collsuspina
7%
El Pont de Vilomara i Rocafort
7%
Fogars de la Selva
7%
Granera
7%
Gualba
7%
La Pobla de Lillet
7%
Les Masies de Voltregà
7%
L'Esquirol
7%
L'Estany
7%
Lluçà
7%
Malla
7%
Marganell
7%
Monistrol de Calders
7%
Montesquiu
7%
Olesa de Bonesvalls
7%
Olost
7%
Pontons
7%
Rellinars
7%
Sallent de Llobregat
7%
Santa Margarida de Montbui
7%
Santa Maria de Besora
7%
Sant Antoni de Vilamajor
7%
Sant Cugat Sesgarrigues
7%
Sant Llorenç Savall
7%
Sant Quirze Safaja
7%
Talamanca
7%
Taradell
7%
Vilada
7%
Aguilar de Segarra
6%
Borredà
6%
Callús
6%
Castellet i la Gornal
6%
Folgueroles
6%
Muntanyola
6%
Mura
6%
Orís
6%
Pacs del Penedès
6%
Rajadell
6%
Rubió
6%
Saldes
6%
Santa Eulàlia de Riuprimer
6%
Santa Eulàlia de Ronçana
6%
Sant Boi de Lluçanès
6%
Sora
6%
Tavèrnoles
6%
Torrelles de Foix
6%
Vallbona
6%
Vilanova de Sau
6%
Calldetenes
5%
Carme
5%
Castellfollit del Boix
5%
Castellnou de Bages
5%
Fígols
5%
Fogars de Montclús
5%
La Llacuna
5%
Les Masies de Roda
5%
L'Espunyola
5%
Montclar
5%
Oristà
5%
Santa Cecília de Voltregà
5%
Santa Eugènia de Berga
5%
Sant Agustí de Lluçanes
5%
Sant Esteve de Palautordera
5%
Sant Jaume de Frontanyà
5%
Sant Julià de Vilatorta
5%
Sant Martí de Tous
5%
Sant Martí Sarroca
5%
Sant Pere de Torelló
5%
Sant Vicenç de Torelló
5%
Tavertet
5%
Vallromanes
5%
Alpens
4%
Campins
4%
Copons
4%
Figaró-Montmany
4%
Fonollosa
4%
Guardiola de Berguedà
4%
La Nou de Berguedà
4%
La Quar
4%
Montmajor
4%
Montmaneu
4%
Olvan
4%
Perafita
4%
Santa Fe del Penedès
4%
Santa Maria de Merlès
4%
Sant Fuitrós de Bages
4%
Sant Martí d'Albars
4%
Sant Mateu de Bages
4%
Sobremunt
4%
Vallcebre
4%
Argençola
3%
Cabrera d'Anoia
3%
Castellar del Riu
3%
Castell de l'Areny
3%
El Brull
3%
Els Prats de Rei
3%
Mediona
3%
Sagàs
3%
Sant Fost de Campentelles
3%
Sant Julià de Cerdanyola
3%
Veciana
3%
Villalba Saserra
3%
Calonge de Segarra
2%
Capolat
2%
Castellfollit de Riubregós
2%
El Pla del Penedès
2%
Orpí
2%
Puigdàlber
2%
Pujalt
2%
Santa Maria de Miralles
2%
Sant Martí Sesgueioles
2%
Sant Pere Sallavinera
2%
Sant Sadurní d'Osomort
2%
Torrelavit
2%
Vilobí del Penedès
2%
Bellprat
1%
Castellví de la Marca
1%
Font-rubí
1%
Les Cabanyes
1%
Viver y Serrateix
1%
Sant Bartolomeu del Grau
0%
No se encontraron pruebas coincidentes
Distribución de puntuación
Porcentaje de gente con cada puntuación
Porcentaje por número respondido
Historial de tus puntuaciones
No has intentado esta prueba.